[Event "KP 2017-18, Trebechovice - Horice"]
[Site "Trebechovice p.O."]
[Date "2017.10.29"]
[Round "1.1"]
[White "Sedlacek, Jan"]
[Black "Safarik, Jakub"]
[Result "0-1"]
[WhiteElo "1838"]
[BlackElo "2194"]
[PlyCount "66"]
[EventDate "2017.10.29"]

1. e4 c5 2. Nf3 d6 3. d4 cxd4 4. Nxd4 Nf6 5. f3 g6 6. c4 Bg7 7. Nc3 O-O 8. Be3
Nc6 9. Qd2 Bd7 10. Be2 Rc8 11. O-O Qa5 12. Nxc6 bxc6 13. a3 Be6 14. b4 Qc7 15.
Rab1 Rfd8 16. Rfd1 d5 17. Bf4 Qb7 18. exd5 cxd5 19. c5 d4 20. Ne4 Nd5 21. Bh6
Be5 22. f4 Bh8 23. Bf3 Bf5 24. g4 Bxe4 25. Bxe4 Qd7 26. Rb3 Qxg4+ 27. Rg3 Qh5
28. f5 Be5 29. Rg5 Bxh2+ 30. Kg2 Ne3+ 31. Qxe3 dxe3 32. Rxh5 Rxd1 33. fxg6 hxg6
0-1

[Event "KP 2017-18, Trebechovice - Horice"]
[Site "Trebechovice p.O."]
[Date "2017.10.29"]
[Round "1.2"]
[White "Sucharda, David"]
[Black "Slavik, Jan"]
[Result "1-0"]
[WhiteElo "2059"]
[BlackElo "1928"]
[PlyCount "95"]
[EventDate "2017.10.29"]

1. d4 d5 2. c4 dxc4 3. Nc3 a6 4. a4 c5 5. d5 e6 6. e4 exd5 7. Nxd5 Nf6 8. Bxc4
Nxd5 9. Bxd5 Bd6 10. Nf3 O-O 11. O-O Qc7 12. Qd3 Nd7 13. Rd1 Ne5 14. Nxe5 Bxe5
15. h3 Rb8 16. Ra2 Bd7 17. Be3 b5 18. b3 c4 19. bxc4 bxa4 20. Qd2 Bc6 21. f4
Bf6 22. Qf2 Rfe8 23. e5 Be7 24. Bd4 Qd7 25. Ba7 Bh4 26. Qe3 Rb7 27. Bc5 Rb3 28.
Qd4 Reb8 29. Bd6 R8b7 30. Qe4 Bxd5 31. Qxd5 Rb1 32. Ra1 Rxa1 33. Rxa1 h6 34.
Qe4 Bd8 35. c5 Qb5 36. Qxa4 a5 37. Qxb5 Rxb5 38. c6 Kh7 39. c7 Bxc7 40. Bxc7
Rb4 41. Rxa5 Kg6 42. Ra6+ Kf5 43. Bd6 Rc4 44. Ra7 Kg6 45. f5+ Kxf5 46. Rxf7+
Kg6 47. Rf8 Re4 48. Kf2 1-0

[Event "KP 2017-18, Trebechovice - Horice"]
[Site "Trebechovice p.O."]
[Date "2017.10.29"]
[Round "1.3"]
[White "Krasa, Marek"]
[Black "Flasar, Jar"]
[Result "1/2-1/2"]
[WhiteElo "1684"]
[BlackElo "2087"]
[PlyCount "76"]
[EventDate "2017.10.29"]

1. c4 e6 2. d4 d5 3. e3 Nf6 4. a3 a6 5. b4 dxc4 6. Bxc4 b5 7. Be2 Bb7 8. Nf3
Nbd7 9. Bb2 Nb6 10. Nc3 Nfd5 11. O-O g6 12. Rc1 Bg7 13. Nxd5 Bxd5 14. Nd2 O-O
15. Bf3 h5 16. Bxd5 exd5 17. h3 f5 18. Qc2 Nc4 19. Nxc4 dxc4 20. Rcd1 Qd5 21.
Rfe1 Rae8 22. f3 c6 23. e4 fxe4 24. fxe4 Qg5 25. Bc1 Qh4 26. e5 Rd8 27. Re4 Qg3
28. Re3 Qh4 29. Re4 Qe7 30. h4 Qe6 31. Bg5 Rd7 32. Qe2 Rdf7 33. Qe3 Rf5 34. Re1
R8f7 35. Rf4 Rxf4 36. Bxf4 c3 37. g3 c2 38. Rc1 Qc4 1/2-1/2

[Event "KP 2017-18, Trebechovice - Horice"]
[Site "Trebechovice p.O."]
[Date "2017.10.29"]
[Round "1.4"]
[White "Matonoha, Ctirad"]
[Black "Chmelar, Vitezslav"]
[Result "1-0"]
[WhiteElo "2034"]
[BlackElo "1814"]
[PlyCount "29"]
[EventDate "2017.10.29"]

1. e4 e5 2. Nc3 Nc6 3. Bc4 Bc5 4. Qg4 Qf6 5. Nd5 Qxf2+ 6. Kd1 Kf8 7. Nh3 Qd4 8.
d3 Bb6 9. Rf1 Nd8 10. Qh4 Ke8 11. Qg3 Kf8 12. Ng5 f6 13. Qh4 h6 14. Nf3 Qc5 15.
Nxe5 1-0

[Event "KP 2017-18, Trebechovice - Horice"]
[Site "Trebechovice p.O."]
[Date "2017.10.29"]
[Round "1.5"]
[White "Halamka, Radek"]
[Black "Rusnak, Jan"]
[Result "1/2-1/2"]
[WhiteElo "1695"]
[BlackElo "1977"]
[PlyCount "74"]
[EventDate "2017.10.29"]

1. e4 c5 2. Nf3 Nc6 3. d4 cxd4 4. Nxd4 d6 5. Bc4 Nf6 6. Nc3 g6 7. O-O Bg7 8.
Nb3 O-O 9. Re1 a6 10. a4 Bd7 11. Nd5 Rc8 12. Bd3 Nxd5 13. exd5 Nb4 14. c3 Nxd5
15. Be4 e6 16. Bxd5 exd5 17. Nd4 Rc4 18. Be3 Qh4 19. Qf3 Be5 20. g3 Qh3 21. a5
Qg4 22. Qxg4 Bxg4 23. Kg2 Rb8 24. f3 Bd7 25. Red1 b5 26. axb6 Rxb6 27. Rd2 Ra4
28. Rxa4 Bxa4 29. Ne2 Rb8 30. Kf2 Bc6 31. Nd4 Bd7 32. Ke2 a5 33. Kd1 a4 34. Kc1
Rc8 35. Nc2 Bf5 36. Bd4 Be6 37. f4 Bxd4 1/2-1/2

[Event "KP 2017-18, Trebechovice - Horice"]
[Site "Trebechovice p.O."]
[Date "2017.10.29"]
[Round "1.6"]
[White "Safarik, Kamil"]
[Black "Mares, Ilja"]
[Result "0-1"]
[WhiteElo "1812"]
[BlackElo "1782"]
[PlyCount "124"]
[EventDate "2017.10.29"]

1. e4 d6 2. d4 Nf6 3. Nc3 g6 4. Bd3 Bg7 5. Nge2 O-O 6. O-O Nc6 7. h3 e5 8. d5
Ne7 9. f4 Ne8 10. f5 c6 11. Ng3 cxd5 12. exd5 Qb6+ 13. Kh1 Qd4 14. Qf3 Qh4 15.
Nce4 f6 16. Nc3 Bh6 17. Bxh6 Qxh6 18. Rae1 a6 19. Qe3 Qh4 20. Kh2 Qb4 21. fxg6
hxg6 22. Qh6 f5 23. Nge4 Rf7 24. Ng5 Rg7 25. Rb1 Nc7 26. a3 Qb6 27. Qh4 Qc5 28.
Nge4 Qd4 29. Ne2 Qb6 30. Nf6+ Kf7 31. Ng4 Ng8 32. Ng3 Nxd5 33. Bc4 Be6 34. Nxf5
gxf5 35. Bxd5 Bxd5 36. Rxf5+ Ke6 37. Rf6+ Ke7 38. Rd1 Nxf6 39. Nxf6 Ke6 40.
Nxd5 Qd8 41. Qc4 Kd7 42. Rf1 Rc8 43. Qb3 b5 44. Nf6+ Kc7 45. Nd5+ Kb8 46. a4
Qg5 47. Rf2 Rc5 48. Rf8+ Ka7 49. Qf3 Rxc2 50. Ne3 Rxb2 51. Qa8+ Kb6 52. Rb8+
Kc5 53. Qd5+ Kb4 54. Qxd6+ Kb3 55. Qd1+ Ka3 56. Qd6+ b4 57. Qd3+ Ka2 58. Qd5+
b3 59. Rxb3 Rxb3 60. Qd2+ Rb2 61. Qd5+ Ka1 62. Qd1+ Rb1 0-1

[Event "KP 2017-18, Trebechovice - Horice"]
[Site "Trebechovice p.O."]
[Date "2017.10.29"]
[Round "1.7"]
[White "Kracik, Martin"]
[Black "Lustinec, Vladimir"]
[Result "1/2-1/2"]
[WhiteElo "1774"]
[BlackElo "1948"]
[PlyCount "59"]
[EventDate "2017.10.29"]

1. e4 c5 2. c3 d6 3. d4 Nf6 4. dxc5 dxc5 5. Qxd8+ Kxd8 6. f3 Nc6 7. Be3 e6 8.
Nd2 Bd7 9. O-O-O Kc7 10. Nh3 Be7 11. Nf2 Rhd8 12. Be2 e5 13. Bc4 Be8 14. Be2
Nd7 15. f4 f6 16. f5 Nb6 17. h4 Bf7 18. Kb1 Rd7 19. Nb3 Rxd1+ 20. Rxd1 Nd7 21.
g4 c4 22. Nd2 b5 23. g5 Bc5 24. Bxc5 Nxc5 25. gxf6 gxf6 26. Rg1 Rg8 27. Rxg8
Bxg8 28. Ng4 Nd7 29. Nh6 Ne7 30. Kc2 1/2-1/2

[Event "KP 2017-18, Trebechovice - Horice"]
[Site "Trebechovice p.O."]
[Date "2017.10.29"]
[Round "1.8"]
[White "Sucharda, Tomas"]
[Black "Zdechovsky, Tobias"]
[Result "1-0"]
[WhiteElo "1535"]
[BlackElo "1590"]
[PlyCount "35"]
[EventDate "2017.10.29"]

1. b3 e5 2. Bb2 d6 3. e3 Nf6 4. d4 exd4 5. exd4 d5 6. Bd3 Bd6 7. Ne2 O-O 8. c4
c6 9. Nbc3 Qe7 10. Qc2 Re8 11. O-O-O dxc4 12. Bxc4 Ng4 13. Ng3 Bxg3 14. hxg3 h6
15. Rhe1 Qg5+ 16. f4 Qd8 17. Qg6 Qd7 18. Bxf7+ 1-0

[Event "KP 2017-18, Jaromer - Dvur Kralove"]
[Site "?"]
[Date "2017.10.29"]
[Round "1.1"]
[White "Jecha, Vratislav"]
[Black "Kraus, Tomas"]
[Result "0-1"]
[WhiteElo "2063"]
[BlackElo "2433"]
[PlyCount "68"]
[EventDate "2017.10.29"]
[WhiteTeam "Jaromer"]
[BlackTeam "Dvur Kralove"]

1. e4 d6 2. d4 Nf6 3. Nc3 e5 4. dxe5 dxe5 5. Qxd8+ Kxd8 6. Bg5 Be6 7. Nd5 Nbd7
8. Bd3 h6 9. Nxf6 hxg5 10. Nxd7 Kxd7 11. Rd1 Bb4+ 12. c3 Bd6 13. b3 Ke7 14. Nf3
Rh5 15. Nd2 Rah8 16. Nf1 g4 17. Rd2 g6 18. Be2 a5 19. Bd1 b5 20. f3 gxf3 21.
Bxf3 R5h7 22. g3 Bc5 23. h4 b4 24. c4 Bd4 25. Rdh2 a4 26. Bd1 Rd8 27. Bc2 axb3
28. axb3 Bg4 29. Nd2 Ra8 30. Nb1 Rhh8 31. Bd1 Be6 32. Bc2 Ra1 33. Ke2 Bg4+ 34.
Kd2 Rd8 0-1

[Event "KP 2017-18, Jaromer - Dvur Kralove"]
[Site "?"]
[Date "2017.10.29"]
[Round "1.2"]
[White "Machan, Jan"]
[Black "Stanek, Petr"]
[Result "1-0"]
[WhiteElo "2294"]
[BlackElo "1904"]
[PlyCount "79"]
[EventDate "2017.10.29"]
[WhiteTeam "Dvur Kralove"]
[BlackTeam "Jaromer"]

1. Nf3 c5 2. c4 Nf6 3. Nc3 g6 4. g3 Bg7 5. Bg2 O-O 6. d4 cxd4 7. Nxd4 Nc6 8.
O-O a6 9. c5 Qc7 10. Nb3 Rd8 11. Bf4 e5 12. Bg5 Re8 13. Bxf6 Bxf6 14. Nd5 Qd8
15. Nd2 Rb8 16. Ne4 Be7 17. Qd2 Kg7 18. Rac1 f5 19. Nxe7 Qxe7 20. Nd6 Rd8 21.
Rfd1 e4 22. g4 Qf6 23. gxf5 gxf5 24. Bh3 Ne7 25. Qf4 Rg8 26. Rc3 Kf8+ 27. Rg3
Rxg3+ 28. hxg3 Ra8 29. Nxe4 Qe6 30. Nd6 Qxe2 31. Rd4 Qe1+ 32. Kh2 Qe6 33. Nxf5
Nxf5 34. Bxf5 Qf7 35. Rd6 Kg8 36. Rh6 d5 37. Qg5+ Qg7 38. Qd8+ Qf8 39. Bxh7+
Kg7 40. Qg5+ 1-0

[Event "KP 2017-18, Jaromer - Dvur Kralove"]
[Site "?"]
[Date "2017.10.29"]
[Round "1.3"]
[White "Prouza, Tomas"]
[Black "Smid, Jaroslav"]
[Result "1/2-1/2"]
[WhiteElo "1942"]
[BlackElo "1958"]
[PlyCount "60"]
[EventDate "2017.10.29"]
[WhiteTeam "Jaromer"]
[BlackTeam "Dvur Kralove"]

1. e4 e5 2. Nf3 Nc6 3. Bb5 Nd4 4. Nxd4 exd4 5. c3 Qg5 6. Bf1 Bc5 7. d3 Qf6 8.
Qc2 Ne7 9. cxd4 Bxd4 10. Nc3 c6 11. Be3 O-O 12. Bxd4 Qxd4 13. Be2 f5 14. f3 d5
15. O-O-O Be6 16. Kb1 Qb4 17. d4 fxe4 18. fxe4 dxe4 19. Nxe4 Nd5 20. Qc5 Bf5
21. Bd3 Qxc5 22. Nxc5 b6 23. Bxf5 Rxf5 24. Nd3 Ne3 25. Rc1 Rd8 26. Ne5 Rxd4 27.
Nxc6 Rd7 28. Rhe1 Nd5 29. Re8+ Rf8 30. Re5 Nf6 1/2-1/2

[Event "KP 2017-18, Jaromer - Dvur Kralove"]
[Site "?"]
[Date "2017.10.29"]
[Round "1.4"]
[White "Zahalka, Jan"]
[Black "Prouza, Pavel"]
[Result "0-1"]
[WhiteElo "1940"]
[BlackElo "1947"]
[PlyCount "100"]
[EventDate "2017.10.29"]
[WhiteTeam "Dvuk Kralove"]
[BlackTeam "Jaromer"]

1. e4 c6 2. d4 d5 3. exd5 cxd5 4. c4 Nf6 5. Nc3 g6 6. Be3 Bg7 7. Nf3 O-O 8. Be2
Nc6 9. O-O dxc4 10. Bxc4 Na5 11. Bd3 b6 12. Ne5 Bb7 13. Qe2 Nd5 14. f4 Rc8 15.
Rac1 Nxe3 16. Qxe3 Nc6 17. Ne2 Qd6 18. Rfd1 Nxe5 19. fxe5 Qe6 20. Nc3 a6 21.
Bf1 b5 22. a4 Qb3 23. axb5 axb5 24. Qd2 b4 25. Ne2 Rfd8 26. Rxc8 Rxc8 27. Rc1
Rxc1 28. Nxc1 Qa4 29. Nd3 Qa7 30. Qxb4 Bh6 31. Kf2 e6 32. Nc5 Bd5 33. Qc3 Qa1
34. Qb4 Qc1 35. Qc3 Qf4+ 36. Ke1 Qxh2 37. Nd7 Qh4+ 38. Kd1 Kg7 39. b4 Qf2 40.
Be2 Be3 41. b5 Bxd4 42. Qc8 Bb3+ 43. Kd2 Qf4+ 44. Ke1 Qh4+ 45. Kd2 Qf4+ 46. Ke1
Bf2+ 47. Kf1 Bh4+ 48. Kg1 Bf2+ 49. Kf1 Bg3+ 50. Bf3 Bc4+ 0-1

[Event "KP 2017-18, Jaromer - Dvur Kralove"]
[Site "?"]
[Date "2017.10.29"]
[Round "1.5"]
[White "Bem, David"]
[Black "Duch, Robert"]
[Result "1-0"]
[WhiteElo "1894"]
[BlackElo "1720"]
[PlyCount "87"]
[EventDate "2017.10.29"]
[WhiteTeam "Jaromer"]
[BlackTeam "Dvuk Kralove"]

1. e4 c5 2. Nf3 d6 3. d4 cxd4 4. Nxd4 Nf6 5. Nc3 g6 6. Bc4 Bg7 7. O-O O-O 8.
Be3 Nc6 9. Nxc6 bxc6 10. Qd2 Ng4 11. Bd4 Bh6 12. Qe2 e5 13. Be3 Nxe3 14. fxe3
Qe7 15. Rae1 Be6 16. Bxe6 fxe6 17. Nd1 d5 18. exd5 exd5 19. e4 Qc5+ 20. Kh1
Rxf1+ 21. Rxf1 Rf8 22. Rxf8+ Qxf8 23. Nf2 Bg7 24. c3 Qc5 25. g3 a5 26. Kg2 d4
27. Qc2 Qc4 28. Qb3 Qxb3 29. axb3 c5 30. Nd3 dxc3 31. bxc3 c4 32. bxc4 a4 33.
Kf3 a3 34. Nc1 Kf7 35. Ke2 Ke6 36. Kd3 Kd6 37. Kc2 Bh6 38. Nd3 Be3 39. Kb3 Bd2
40. c5+ Kc6 41. Kc4 Kc7 42. Nb4 g5 43. g4 Be3 44. Nd5+ 1-0

[Event "KP 2017-18, Jaromer - Dvur Kralove"]
[Site "?"]
[Date "2017.10.29"]
[Round "1.6"]
[White "Nejedlo, Josef"]
[Black "Kudr, Roman"]
[Result "1/2-1/2"]
[WhiteElo "1871"]
[BlackElo "1926"]
[PlyCount "71"]
[EventDate "2017.10.29"]
[WhiteTeam "Dvuk Kralove"]
[BlackTeam "Jaromer"]

1. c4 c6 2. Nc3 d5 3. cxd5 cxd5 4. d4 Nf6 5. Bf4 e6 6. e3 Nc6 7. Bd3 Bd6 8.
Bxd6 Qxd6 9. Nf3 O-O 10. O-O e5 11. dxe5 Nxe5 12. Nxe5 Qxe5 13. Be2 Be6 14. Bf3
Ne4 15. Bxe4 dxe4 16. Qe2 Rac8 17. Rfd1 Bc4 18. Qg4 f5 19. Qg3 Qxg3 20. hxg3
Rfd8 21. Rxd8+ Rxd8 22. Rc1 Ba6 23. b4 Rc8 24. Ne2 Rxc1+ 25. Nxc1 Bc4 26. f3
Kf7 27. Kf2 Ke6 28. a3 Kd5 29. Ke1 g5 30. f4 g4 31. Kd2 b6 32. Kc3 a5 33. bxa5
bxa5 34. Nb3 Bxb3 35. Kxb3 Kc5 36. a4 1/2-1/2

[Event "KP 2017-18, Jaromer - Dvur Kralove"]
[Site "?"]
[Date "2017.10.29"]
[Round "1.7"]
[White "Martinovsky, Miroslav"]
[Black "Fuchs, Frantisek"]
[Result "1/2-1/2"]
[WhiteElo "1760"]
[BlackElo "1886"]
[PlyCount "43"]
[EventDate "2017.10.29"]
[WhiteTeam "Jaromer"]
[BlackTeam "Dvur Kralove"]

1. d4 d5 2. Nf3 Nf6 3. c4 c6 4. cxd5 cxd5 5. Nc3 Nc6 6. g3 Bf5 7. Bg2 e6 8. O-O
Bd6 9. Bg5 Rc8 10. Rc1 h6 11. Bxf6 Qxf6 12. Qb3 Qe7 13. Qa4 O-O 14. Rfe1 Rfd8
15. a3 Bc7 16. b4 Bb6 17. e3 f6 18. Qb3 Qd6 19. Na4 Bc7 20. Nc5 Rb8 21. Qc3 a5
22. Nxb7 1/2-1/2

[Event "KP 2017-18, Jaromer - Dvur Kralove"]
[Site "?"]
[Date "2017.10.29"]
[Round "1.8"]
[White "Svída, Rostislav"]
[Black "Kunes, Jan"]
[Result "1/2-1/2"]
[WhiteElo "1681"]
[BlackElo "1923"]
[PlyCount "44"]
[EventDate "2017.10.29"]
[WhiteTeam "Dvur Kralove"]
[BlackTeam "Jaromer"]

1. d4 d5 2. Nf3 Nf6 3. g3 e6 4. Bg2 Be7 5. O-O O-O 6. c4 c6 7. b3 Nbd7 8. Bb2
Ne4 9. Nbd2 f5 10. Nxe4 fxe4 11. Nd2 Nf6 12. e3 Qe8 13. f3 exf3 14. Bxf3 Qg6
15. Rc1 h5 16. Qe2 h4 17. Qg2 hxg3 18. hxg3 Bd6 19. e4 dxe4 20. Nxe4 Nxe4 21.
Bxe4 Rxf1+ 22. Rxf1 Qg5 1/2-1/2

[Event "KP 2017-18, Slavia HK - Hronov"]
[Site "?"]
[Date "2017.10.29"]
[Round "1.1"]
[White "Solc, Filip"]
[Black "Kowalczyk, Pawel"]
[Result "0-1"]
[WhiteElo "1999"]
[BlackElo "2390"]
[PlyCount "56"]
[EventDate "2017.10.29"]

1. e4 c5 2. Nf3 e6 3. d4 cxd4 4. Nxd4 Qb6 5. Nb3 Nf6 6. Bd3 Nc6 7. Nc3 a6 8.
Qe2 d6 9. O-O Be7 10. Kh1 h5 11. Be3 Qc7 12. f4 b5 13. a3 Bb7 14. f5 h4 15.
fxe6 fxe6 16. Nd4 Nxd4 17. Bxd4 h3 18. g3 O-O-O 19. Kg1 Kb8 20. Rf3 e5 21. Bf2
Rhf8 22. Bxb5 axb5 23. Nxb5 Qc6 24. Qe3 Nxe4 25. Qa7+ Kc8 26. Rxf8 Rxf8 27. Qa5
Kd7 28. Na7 Qxc2 0-1

[Event "KP 2017-18, Slavia HK - Hronov"]
[Site "?"]
[Date "2017.10.29"]
[Round "1.2"]
[White "Velecky, Viktor"]
[Black "Tichy, Miroslav"]
[Result "1/2-1/2"]
[WhiteElo "2050"]
[BlackElo "2018"]
[PlyCount "88"]
[EventDate "2017.10.29"]

1. c4 Nf6 2. Nc3 g6 3. g3 Bg7 4. Bg2 d6 5. Nf3 O-O 6. O-O e5 7. d4 Nbd7 8. e4
c6 9. b3 exd4 10. Nxd4 Re8 11. Bb2 Nc5 12. Re1 a5 13. Rc1 Qb6 14. h3 a4 15. Kh2
Bd7 16. f4 Rad8 17. Ba1 axb3 18. axb3 Bc8 19. Rb1 Na6 20. Na4 Qa7 21. b4 Be6
22. Nxe6 Rxe6 23. e5 Ne8 24. Bd4 Qb8 25. Bb6 Nac7 26. exd6 Rdxd6 27. Qb3 Qc8
28. Bc5 Rd2 29. Rbd1 Rxd1 30. Rxd1 Na6 31. Bb6 Rd6 32. b5 Nb8 33. Qc2 Nd7 34.
Bf2 Bf8 35. f5 Ng7 36. fxg6 hxg6 37. Rxd6 Bxd6 38. c5 Bf8 39. Qc4 Ne6 40. bxc6
bxc6 41. Be4 Qc7 42. Kg2 Qe5 43. Bxc6 Ndxc5 44. Nxc5 Bxc5 1/2-1/2

[Event "KP 2017-18, Slavia HK - Hronov"]
[Site "?"]
[Date "2017.10.29"]
[Round "1.3"]
[White "Jaeger, Ludek"]
[Black "Cap, Jaroslav"]
[Result "1-0"]
[WhiteElo "1992"]
[BlackElo "1759"]
[PlyCount "51"]
[EventDate "2017.10.29"]

1. c4 Nf6 2. Nc3 e6 3. g3 d5 4. Bg2 c6 5. b3 Be7 6. d4 O-O 7. Nf3 Bb4 8. Bd2
dxc4 9. bxc4 Re8 10. O-O Nbd7 11. Qb3 Bd6 12. Rad1 e5 13. e3 exd4 14. exd4 Nf8
15. Be3 Ng4 16. Bg5 Be7 17. Bxe7 Rxe7 18. d5 cxd5 19. Nxd5 Re8 20. Nd4 Qa5 21.
Qb5 Qxb5 22. Nxb5 Rb8 23. Nxa7 Bd7 24. Nb5 Bxb5 25. cxb5 Re2 26. Bf3 1-0

[Event "KP 2017-18, Slavia HK - Hronov"]
[Site "?"]
[Date "2017.10.29"]
[Round "1.4"]
[White "Prochazka, Jan"]
[Black "Marek, Petr"]
[Result "1/2-1/2"]
[WhiteElo "1888"]
[BlackElo "1967"]
[PlyCount "130"]
[EventDate "2017.10.29"]

1. e4 e5 2. Nf3 Nc6 3. Bc4 Nf6 4. Nc3 Be7 5. d3 d6 6. h3 O-O 7. Be3 Na5 8. Bb3
Nxb3 9. axb3 a6 10. Qe2 c6 11. Na4 Be6 12. Bb6 Qd7 13. O-O-O c5 14. c4 Bd8 15.
g4 Qc6 16. Bxd8 Rfxd8 17. Nc3 b5 18. Nd5 Bxd5 19. exd5 Qb7 20. g5 Nh5 21. Qc2
Rdb8 22. Nd2 Nf4 23. Rde1 a5 24. Ne4 Qb6 25. Kd2 Ra6 26. Rb1 bxc4 27. bxc4 Qb4+
28. Qc3 a4 29. h4 Rab6 30. Qxb4 cxb4 31. Ra1 Ra8 32. b3 a3 33. Ra2 Kf8 34. Ng3
f6 35. gxf6 gxf6 36. Nf5 Ra7 37. Rg1 Nh5 38. Ke3 Ng7 39. Ke4 Rf7 40. f3 Nxf5
41. Kxf5 Rg7 42. Rxg7 Kxg7 43. Rg2+ Kf7 44. h5 Rb8 45. Rc2 Ra8 46. Ra2 Rg8 47.
Ke4 Rg5 48. Rh2 f5+ 49. Ke3 f4+ 50. Ke4 Kf6 51. d4 exd4 52. Kxd4 Re5 53. c5 Re3
54. cxd6 Rxb3 55. Kc4 Rxf3 56. Kxb4 Re3 57. Kc5 f3 58. Rf2 Kf7 59. Kc6 Rc3+ 60.
Kd7 Rb3 61. Kd8 Re3 62. d7 Rc3 63. d6 Kf8 64. h6 Kf7 65. Rc2 Rxc2 1/2-1/2

[Event "KP 2017-18, Slavia HK - Hronov"]
[Site "?"]
[Date "2017.10.29"]
[Round "1.5"]
[White "Roskova, Katerina"]
[Black "Szablewski, Krzysztof"]
[Result "0-1"]
[WhiteElo "1954"]
[BlackElo "1902"]
[PlyCount "166"]
[EventDate "2017.10.29"]

1. d4 Nf6 2. c4 b6 3. Nf3 Bb7 4. g3 e6 5. Bg2 c5 6. d5 exd5 7. Nh4 g6 8. O-O
Bg7 9. cxd5 d6 10. Nc3 O-O 11. e4 a6 12. a4 Nbd7 13. Bf4 Ne5 14. Nf3 Re8 15.
Nxe5 dxe5 16. Bg5 Qd6 17. Qd2 Nd7 18. Bh6 Rad8 19. Bxg7 Kxg7 20. Bh3 Bc8 21.
Qe2 Nb8 22. Bxc8 Rxc8 23. f4 f6 24. Rf2 c4 25. Raf1 Rf8 26. fxe5 Qxe5 27. Qg4
Rce8 28. Qf4 Nd7 29. Qxe5 Rxe5 30. Rd2 b5 31. axb5 axb5 32. Nxb5 Rxe4 33. Nd6
Rg4 34. Kg2 Nb6 35. Nb5 Rd8 36. Nc7 Re4 37. Rfd1 Kf7 38. Ne6 Rc8 39. Nf4 Rc7
40. Kf3 Re5 41. Ne2 Rd7 42. Nc3 Ke7 43. Rd4 f5 44. Rh4 Kf6 45. Rhd4 Rd6 46. g4
h6 47. h3 g5 48. gxf5 Kxf5 49. Kg3 Re3+ 50. Kg2 Ke5 51. h4 Kf5 52. hxg5 hxg5
53. Kf2 Re5 54. Kf3 Kg6 55. R1d2 Kf5 56. Kg3 Re3+ 57. Kf2 Re5 58. Kf3 Kg6 59.
Kg3 Kf5 60. Kf3 Kg6 61. Kg2 Rf5 62. Kg3 Kh5 63. Ne4 Rd7 64. d6 Kg6 65. Rf2 Rxf2
66. Kxf2 Kf5 67. Ke3 Ke5 68. Rd1 Nd5+ 69. Rxd5+ Kxd5 70. Nf6+ Kxd6 71. Ne4+ Kc6
72. Nxg5 Rd3+ 73. Ke2 Kd5 74. Nf3 Rb3 75. Nd2 Rxb2 76. Kd1 Kd4 77. Kc1 Ra2 78.
Nf3+ Ke3 79. Ne5 Kd4 80. Kb1 Rf2 81. Nc6+ Kc3 82. Na5 Rb2+ 83. Ka1 Rb6 0-1

[Event "KP 2017-18, Slavia HK - Hronov"]
[Site "?"]
[Date "2017.10.29"]
[Round "1.6"]
[White "Kuru, Martin"]
[Black "Nun, Josef"]
[Result "1/2-1/2"]
[WhiteElo "1927"]
[BlackElo "2182"]
[PlyCount "31"]
[EventDate "2017.10.29"]

1. d4 g6 2. Nf3 Bg7 3. e3 Nf6 4. Bd3 d6 5. Nbd2 Nbd7 6. c3 O-O 7. Qc2 Re8 8.
O-O e5 9. e4 c6 10. Re1 Nf8 11. h3 Qc7 12. Nf1 Ne6 13. Ng3 Nd7 14. dxe5 dxe5
15. Bc4 Nb6 16. Bf1 1/2-1/2

[Event "KP 2017-18, Slavia HK - Hronov"]
[Site "?"]
[Date "2017.10.29"]
[Round "1.7"]
[White "Picek, Ivan"]
[Black "Franc, Martin"]
[Result "1/2-1/2"]
[WhiteElo "1758"]
[BlackElo "1704"]
[PlyCount "24"]
[EventDate "2017.10.29"]

1. d4 d5 2. c4 c6 3. Nc3 Nf6 4. Nf3 e6 5. Bg5 Nbd7 6. e3 Be7 7. Rc1 O-O 8. Be2
h6 9. Bh4 dxc4 10. Bxc4 b5 11. Be2 Bb7 12. O-O Rc8 1/2-1/2

[Event "KP 2017-18, Slavia HK - Hronov"]
[Site "?"]
[Date "2017.10.29"]
[Round "1.8"]
[White "Cibulka, Josef"]
[Black "Vochozka, Jindrich"]
[Result "1/2-1/2"]
[WhiteElo "1564"]
[BlackElo "1802"]
[PlyCount "79"]
[EventDate "2017.10.29"]

1. e4 e6 2. d4 d5 3. exd5 exd5 4. c3 c6 5. Bd3 Nf6 6. Bg5 Be7 7. Nf3 Be6 8.
Nbd2 Nbd7 9. Qc2 h6 10. Bf4 Nh5 11. Bg3 O-O 12. O-O b6 13. Ne5 Nxe5 14. Bxe5
Nf6 15. h3 c5 16. dxc5 bxc5 17. c4 Bd6 18. cxd5 Bxd5 19. Bxd6 Qxd6 20. Ne4 Nxe4
21. Bxe4 Bxe4 22. Qxe4 Rfe8 23. Rad1 Qb6 24. Qc2 Re7 25. Rc1 Rc8 26. b3 Qb4 27.
Qc4 a6 28. Rfd1 Qxc4 29. Rxc4 a5 30. Rdc1 Re2 31. Ra4 Rd8 32. Rxa5 Rdd2 33. Rf1
Rxa2 34. Rxc5 Reb2 35. Rc3 Ra3 36. Rfc1 Raxb3 37. Rxb3 Rxb3 38. Rc8+ Kh7 39.
Rc7 Rb1+ 40. Kh2 1/2-1/2

[Event "KP 2017-18, Lazne Belohrad - Jicin B"]
[Site "?"]
[Date "2017.10.29"]
[Round "1.1"]
[White "Nalevka, Petr"]
[Black "Stolc, Martin"]
[Result "1/2-1/2"]
[WhiteElo "2053"]
[BlackElo "2079"]
[PlyCount "126"]
[EventDate "2017.10.29"]

1. d4 d6 2. e4 g6 3. Nf3 Bg7 4. Nc3 Nc6 5. Bc4 Nf6 6. h3 O-O 7. O-O h6 8. Be3
a6 9. a4 Kh7 10. Qe2 Nd7 11. Rad1 e5 12. Bb3 exd4 13. Nxd4 Nxd4 14. Bxd4 Bxd4
15. Rxd4 Nc5 16. Bd5 Qf6 17. Rfd1 Qg5 18. Qf3 Rb8 19. R4d2 Bd7 20. b3 b6 21.
Bc4 Bc6 22. Nd5 Rbc8 23. b4 Ne6 24. Bxa6 Ra8 25. b5 Bxd5 26. Rxd5 Qf4 27. Qe2
Nc5 28. f3 Nxa4 29. Qe1 Nc5 30. Qe2 Rae8 31. Qf2 Re5 32. R5d2 Rg5 33. Re1 Re8
34. Rde2 Ra8 35. Kh1 Nxa6 36. bxa6 Rxa6 37. Kg1 Qf6 38. f4 Rc5 39. e5 dxe5 40.
fxe5 Qe6 41. Rf1 Kg7 42. Qf4 Rd5 43. Qc4 Raa5 44. Qxc7 Rac5 45. Qb7 Rxe5 46.
Ref2 Rf5 47. Rxf5 Rxf5 48. Rxf5 gxf5 49. Qf3 Qe1+ 50. Kh2 Qe5+ 51. Kh1 b5 52.
Qd3 b4 53. Kg1 h5 54. Kf1 h4 55. Qc4 Qe4 56. Qc5 Qf4+ 57. Kg1 Kg6 58. Qc8 Qd4+
59. Kh1 Qa1+ 60. Kh2 Qc3 61. Qg8+ Kf6 62. Qh8+ Kg5 63. Qd8+ Kg6 1/2-1/2

[Event "KP 2017-18, Lazne Belohrad - Jicin B"]
[Site "?"]
[Date "2017.10.29"]
[Round "1.2"]
[White "Urban, Zdenek"]
[Black "Korinek, Pavel"]
[Result "1-0"]
[WhiteElo "2175"]
[BlackElo "1982"]
[PlyCount "69"]
[EventDate "2017.10.29"]

1. d4 d5 2. c4 e6 3. Nf3 Nf6 4. g3 Nbd7 5. Bg2 Bb4+ 6. Bd2 Bxd2+ 7. Nbxd2 Qe7
8. a3 O-O 9. O-O Rd8 10. Qc2 c6 11. e4 dxe4 12. Nxe4 Nxe4 13. Qxe4 Nf6 14. Qe3
Bd7 15. Ne5 Be8 16. Rfe1 Rac8 17. b4 b5 18. Rac1 Qd6 19. Red1 Rc7 20. Bf3 a6
21. Kg2 Rb8 22. h4 Rbc8 23. g4 Nd7 24. g5 Nxe5 25. dxe5 Qe7 26. c5 Ra7 27. Rd6
a5 28. Rcd1 axb4 29. axb4 g6 30. R1d4 Ra6 31. h5 Raa8 32. Qd2 Rab8 33. Bg4 Ra8
34. hxg6 hxg6 35. Bf3 1-0

[Event "KP 2017-18, Lazne Belohrad - Jicin B"]
[Site "?"]
[Date "2017.10.29"]
[Round "1.3"]
[White "Kykal, Vojtech"]
[Black "Vitova, Anna"]
[Result "1-0"]
[WhiteElo "1975"]
[BlackElo "1822"]
[PlyCount "75"]
[EventDate "2017.10.29"]

1. d4 Nf6 2. c4 e5 3. dxe5 Ng4 4. Nf3 Bc5 5. e3 Nc6 6. b3 Ngxe5 7. Bb2 Qe7 8.
Nc3 O-O 9. Be2 Re8 10. O-O b6 11. a3 a5 12. Nb5 Ng4 13. Bd3 Nxf2 14. Rxf2 Bxe3
15. Nxc7 Bb7 16. Nxa8 Bxa8 17. Qc2 h6 18. Raf1 d6 19. Qc3 f6 20. Bg6 Bxf2+ 21.
Rxf2 Rd8 22. Rf1 Ne5 23. Bh5 Qb7 24. Qd2 Qc7 25. Nd4 Qc5 26. Kh1 Rd7 27. Nf5
Be4 28. Ne3 Nd3 29. Bf3 Bxf3 30. Rxf3 Nxb2 31. Qxb2 Re7 32. Qc1 Qg5 33. h3 Re4
34. Qd2 Qe5 35. Qd5+ Qxd5 36. Nxd5 Re1+ 37. Kh2 Ra1 38. a4 1-0

[Event "KP 2017-18, Lazne Belohrad - Jicin B"]
[Site "?"]
[Date "2017.10.29"]
[Round "1.4"]
[White "Kohout, Jan"]
[Black "Vavra, Vojtech"]
[Result "1-0"]
[WhiteElo "1916"]
[BlackElo "1843"]
[PlyCount "43"]
[EventDate "2017.10.29"]

1. e4 e5 2. Nf3 Nc6 3. Bb5 a6 4. Ba4 Nf6 5. O-O b5 6. Bb3 Be7 7. Re1 O-O 8. a4
Bb7 9. c3 d6 10. d3 h6 11. Nbd2 b4 12. Nf1 a5 13. Ng3 Qd7 14. h3 Rfe8 15. Nh2
d5 16. exd5 Nxd5 17. Qf3 Nf6 18. Ng4 Rab8 19. Nh5 Qd6 20. Qf5 Bc8 21. Qg6 Nxh5
22. Nxh6+ 1-0